[Event "RUS-ch Seniors"]
[Site "Lesnoj Gorodok"]
[Date "2009.10.11"]
[Round "9"]
[White "Semasev, Kim"]
[Black "Bondarev, Boris"]
[Result "1-0"]
[WhiteElo "2249"]
[BlackElo "2087"]
[PlyCount "75"]
[EventDate "2009.10.03"]
[EventType "swiss"]
[EventRounds "9"]
[EventCountry "RUS"]
[SourceTitle "CBM 132 Extra"]
[Source "ChessBase"]
[SourceDate "2009.11.03"]
[SourceVersion "1"]
[SourceVersionDate "2009.11.03"]
[SourceQuality "1"]

1. Nf3 Nc6 2. d4 d5 3. Bf4 Nf6 4. h3 Bf5 5. e3 a6 6. c4 dxc4 7. Bxc4 e6 8. Nc3 Bd6 9. Bxd6 Qxd6 10. 0-0 g5 11. Nxg5 Rg8 12. h4 h6 13. e4 hxg5 14. exf5 gxh4 15. fxe6 0-0-0 16. exf7 Rg4 17. Qf3 Kb8 18. Nd5 h3 19. Qxh3 Rxd4 20. Ne3 Qf4 21. Rad1 Ne4 22. Rxd4 Nxd4 23. Qg4 Qxg4 24. Nxg4 Nd6 25. Rd1 Nxf7 26. Bxf7 Ne2+ 27. Kf1 Rxd1+ 28. Kxe2 Rb1 29. f4 Rxb2+ 30. Kf3 Rb5 31. Ne3 Rb6 32. g4 Rf6 33. Bb3 c5 34. g5 Rg6 35. Bf7 Rg7 36. g6 b5 37. Nf5 Rxg6 38. Bxg6 1-0

[Event "EU-ch Seniors 09th"]
[Site "Rogaska Slatina"]
[Date "2009.07.28"]
[Round "7"]
[White "Semasev, Kim"]
[Black "Titz, Heimo"]
[Result "0-1"]
[WhiteElo "2186"]
[BlackElo "2273"]
[PlyCount "106"]
[EventDate "2009.07.22"]
[EventType "swiss"]
[EventRounds "9"]
[EventCountry "SLO"]
[SourceTitle "CBM 131 Extra"]
[Source "ChessBase"]
[SourceDate "2009.09.03"]
[SourceVersion "2"]
[SourceVersionDate "2009.09.16"]
[SourceQuality "1"]

1. e4 c5 2. Nf3 e6 3. d4 cxd4 4. Nxd4 Nc6 5. Nc3 Qc7 6. Be3 a6 7. Bd3 Nf6 8. 0-0 Be7 9. f4 d6 10. Qf3 0-0 11. Rae1 Bd7 12. Qg3 Nxd4 13. Bxd4 Bc6 14. e5 Ne8 15. f5 exf5 16. Rxf5 dxe5 17. Bxe5 Bd6 18. Rh5 g6 19. Bxd6 Nxd6 20. Rhe5 Qb6+ 21. Qf2 Qxb2 22. Qc5 Nb5 23. Nd5 Qd4+ 24. Qxd4 Nxd4 25. Ne7+ Kg7 26. c3 Nb5 27. Nxc6 bxc6 28. Rc5 Rad8 29. Bf1 Rd6 30. Re7 Rc8 31. Rb7 Re8 32. Bc4 Rf6 33. h3 Re3 34. Rb6 Rxc3 35. Rbxc6 Rc1+ 36. Kh2 Rxc6 37. Rxc6 Na3 38. Bd5 Rxc6 39. Bxc6 f5 40. Kg3 Kf6 41. Kf4 g5+ 42. Ke3 Ke5 43. g3 Nc2+ 44. Kf2 a5 45. a4 Nd4 46. Be8 f4 47. gxf4+ Kxf4 48. Bd7 h6 49. Be8 Nf5 50. Bd7 Nd6 51. Kg2 Ne4 52. Be8 Nf6 53. Bc6 Ke3 0-1

[Event "EU-ch Seniors 09th"]
[Site "Rogaska Slatina"]
[Date "2009.07.26"]
[Round "5"]
[White "Semasev, Kim"]
[Black "Bratko, Ivan"]
[Result "1-0"]
[WhiteElo "2186"]
[BlackElo "2229"]
[PlyCount "55"]
[EventDate "2009.07.22"]
[EventType "swiss"]
[EventRounds "9"]
[EventCountry "SLO"]
[SourceTitle "CBM 131 Extra"]
[Source "ChessBase"]
[SourceDate "2009.09.03"]
[SourceVersion "2"]
[SourceVersionDate "2009.09.16"]
[SourceQuality "1"]

1. e4 c5 2. Nf3 e6 3. d4 cxd4 4. Nxd4 a6 5. Nc3 Qc7 6. Bd3 Nc6 7. Be3 Nf6 8. 0-0 Ne5 9. h3 d6 10. f4 Nc4 11. Bxc4 Qxc4 12. Qf3 Bd7 13. e5 Nd5 14. Nxd5 Qxd5 15. Qg3 dxe5 16. fxe5 Bc5 17. c4 Qe4 18. Rad1 Qg6 19. Qf2 Be7 20. Qf3 Rb8 21. Rf2 Bh4 22. Rfd2 0-0 23. Nf5 Qxf5 24. Qxf5 exf5 25. Rxd7 Bg3 26. Bc5 Rfe8 27. Bd6 Bxe5 28. Bxb8 1-0

[Event "EU-ch Seniors 06th"]
[Site "Davos"]
[Date "2006.08.10"]
[Round "6"]
[White "Titz, Herbert"]
[Black "Semasev, Kim"]
[Result "0-1"]
[WhiteElo "2085"]
[BlackElo "2257"]
[PlyCount "86"]
[EventDate "2006.08.05"]
[EventType "swiss"]
[EventRounds "9"]
[EventCountry "SUI"]
[SourceTitle "CBM 113 Extra"]
[Source "ChessBase"]
[SourceDate "2006.09.14"]
[SourceVersion "1"]
[SourceVersionDate "2006.09.14"]
[SourceQuality "1"]

1. e4 d6 2. d4 Nf6 3. Nc3 g6 4. Nf3 Bg7 5. Be2 0-0 6. 0-0 c6 7. h3 Nbd7 8. Be3 e5 9. dxe5 dxe5 10. Qd2 Qe7 11. Rad1 Qb4 12. Qd3 Qxb2 13. Nd2 Qb4 14. Rb1 Qe7 15. Nb3 b6 16. Qc4 Bb7 17. Na5 b5 18. Qb3 Rfb8 19. a4 a6 20. Rfd1 Nc5 21. Qb4 Bf8 22. f3 Rd8 23. Kf1 Rxd1+ 24. Rxd1 Rb8 25. Ra1 Kg7 26. axb5 axb5 27. Nxb7 Rxb7 28. Ra8 Ne6 29. Qxe7 Bxe7 30. Ra6 Nd4 31. Bd3 Nd7 32. Bxd4 exd4 33. Ne2 c5 34. c4 dxc3 35. Nxc3 c4 36. Bb1 Nc5 37. Rc6 Nb3 38. Ba2 Nd4 39. Rc8 Ra7 40. Bxc4 bxc4 41. Rxc4 Ra1+ 42. Kf2 Rc1 43. Ke3 Nb5 0-1

[Event "EU-ch Seniors 06th"]
[Site "Davos"]
[Date "2006.08.07"]
[Round "3"]
[White "Semasev, Kim"]
[Black "Stull, Norbert"]
[Result "0-1"]
[WhiteElo "2257"]
[BlackElo "2129"]
[PlyCount "104"]
[EventDate "2006.08.05"]
[EventType "swiss"]
[EventRounds "9"]
[EventCountry "SUI"]
[SourceTitle "CBM 113 Extra"]
[Source "ChessBase"]
[SourceDate "2006.09.14"]
[SourceVersion "1"]
[SourceVersionDate "2006.09.14"]
[SourceQuality "1"]

1. e4 c5 2. Nf3 e6 3. d4 cxd4 4. Nxd4 Nc6 5. Nc3 Nf6 6. Ndb5 Bb4 7. a3 Bxc3+ 8. Nxc3 d5 9. exd5 exd5 10. Bd3 0-0 11. 0-0 Re8 12. Bg5 Be6 13. f4 Qb6+ 14. Kh1 Ne4 15. Bxe4 dxe4 16. Nxe4 Nd4 17. Nf6+ gxf6 18. Bxf6 Nf5 19. Qh5 Bd7 20. Qg5+ Kf8 21. Rf3 Re3 22. Rxe3 Qxe3 23. Be5 Qb6 24. Rd1 Qe6 25. Bc3 a5 26. Bxa5 Rxa5 27. Qd8+ Kg7 28. Qxa5 Bc6 29. Qe5+ Qxe5 30. fxe5 Bxg2+ 31. Kxg2 Ne3+ 32. Kf3 Nxd1 33. b3 Kg6 34. Ke2 Nc3+ 35. Kd3 Nb1 36. a4 Kf5 37. Kd4 Nd2 38. a5 Ke6 39. Kc5 Kd7 40. Kd5 h5 41. b4 Nf3 42. h3 Ng5 43. h4 Nf3 44. b5 Nxh4 45. c4 Nf5 46. c5 h4 47. a6 bxa6 48. bxa6 Ne7+ 49. Ke4 Kc6 50. Kf4 Nc8 51. Kg4 Kxc5 52. Kxh4 Kd5 0-1

[Event "Wch Seniors 13th"]
[Site "Bad Zwischenahn"]
[Date "2003.??.??"]
[Round "?"]
[White "Juergens, Peter1"]
[Black "Semasev, Kim"]
[Result "0-1"]
[WhiteElo "1835"]
[BlackElo "2265"]
[PlyCount "90"]
[EventDate "2003.11.16"]
[EventType "swiss"]
[EventRounds "11"]
[EventCountry "GER"]
[SourceTitle "CBM 097 Extra"]
[Source "ChessBase"]
[SourceDate "2004.01.13"]
[SourceVersion "1"]
[SourceVersionDate "2004.01.13"]
[SourceQuality "1"]

1. d4 Nf6 2. Nf3 g6 3. Bf4 Bg7 4. e3 0-0 5. h3 d6 6. Be2 c5 7. c3 Qb6 8. Qb3 Qxb3 9. axb3 Nd5 10. Bg3 cxd4 11. exd4 Nc6 12. 0-0 e5 13. dxe5 dxe5 14. Bb5 e4 15. Bxc6 bxc6 16. Nd4 Bd7 17. Bd6 Rfe8 18. Bc5 a6 19. Na3 Reb8 20. b4 a5 21. bxa5 Rxa5 22. Bd6 Rba8 23. Nb3 R5a7 24. Nc2 Bf8 25. Bxf8 Kxf8 26. Nc5 Rxa1 27. Rxa1 Rxa1+ 28. Nxa1 Nf6 29. Kf1 Ke7 30. Ke2 Kd6 31. Nxd7 Nxd7 32. Ke3 Ke5 33. Nb3 f5 34. g3 g5 35. Nd4 f4+ 36. gxf4+ gxf4+ 37. Kd2 c5 38. Ne2 c4 39. Nd4 Nc5 40. Nc6+ Kd6 41. Nb4 Nd3 42. Nxd3 exd3 43. b4 cxb3 44. Kxd3 Kc5 45. f3 Kb5 0-1

[Event "Wch Seniors 12th"]
[Site "Naumburg"]
[Date "2002.10.25"]
[Round "5"]
[White "Semasev, Kim"]
[Black "Neubert, Gerhard"]
[Result "1-0"]
[WhiteElo "2274"]
[BlackElo "1976"]
[PlyCount "80"]
[EventDate "2002.10.21"]
[EventType "swiss"]
[EventRounds "11"]
[EventCountry "GER"]
[SourceTitle "EXT 2006"]
[Source "ChessBase"]
[SourceDate "2005.11.24"]
[SourceVersion "1"]
[SourceVersionDate "2005.11.24"]
[SourceQuality "1"]

1. e4 e6 2. d4 d5 3. Nd2 dxe4 4. Nxe4 Nd7 5. Nf3 Ngf6 6. Bd3 Be7 7. 0-0 Nxe4 8. Bxe4 Nf6 9. Bd3 0-0 10. Qe2 b6 11. Bf4 Bb7 12. Rad1 Kh8 13. Ng5 Qd5 14. Nf3 Bd6 15. Be5 Qxa2 16. c4 Bxf3 17. Qxf3 Bxe5 18. dxe5 Ng8 19. Qe2 Qb3 20. f4 Rad8 21. f5 exf5 22. Rxf5 Nh6 23. Rh5 Qb4 24. Qe4 Rxd3 25. Qxd3 Qxb2 26. Rb1 Qa2 27. g4 Qa6 28. h3 Qc8 29. Rf1 Qd8 30. Qe4 f5 31. gxf5 Qe8 32. Rh4 Nxf5 33. Rhf4 g6 34. e6 Qe7 35. Rd1 Qc5+ 36. Kh2 Qa3 37. Rxf5 Qb2+ 38. Qg2 Qxg2+ 39. Kxg2 Rxf5 40. e7 Rg5+ 1-0

[Event "Wch Seniors 11th"]
[Site "Arco"]
[Date "2001.10.21"]
[Round "5"]
[White "Durao, Joaquim Manuel"]
[Black "Semasev, Kim"]
[Result "1-0"]
[WhiteElo "2114"]
[BlackElo "2300"]
[PlyCount "69"]
[EventDate "2001.10.17"]
[EventType "swiss"]
[EventRounds "11"]
[EventCountry "ITA"]
[SourceTitle "EXT 2002"]
[Source "ChessBase"]
[SourceDate "2001.11.25"]
[SourceVersion "1"]
[SourceVersionDate "2001.11.25"]
[SourceQuality "1"]

1. e4 d6 2. d4 Nf6 3. Nc3 g6 4. f3 Bg7 5. Be3 c6 6. Qd2 b5 7. Bd3 b4 8. Nd1 Qb6 9. Ne2 a5 10. 0-0 Ba6 11. Nf2 0-0 12. a3 Nbd7 13. Bxa6 Rxa6 14. axb4 axb4 15. Rxa6 Qxa6 16. Nd3 Rb8 17. Nec1 Qb5 18. h3 Ne8 19. Nb3 Nb6 20. Qxb4 Qxb4 21. Nxb4 Nc4 22. Nxc6 Rb6 23. Nxe7+ Kf8 24. Nd5 Ra6 25. Bc1 Ra2 26. Nb4 Ra4 27. c3 Nc7 28. f4 Ra7 29. e5 d5 30. f5 gxf5 31. Rxf5 Ke8 32. Rh5 Bf8 33. Rxh7 Bxb4 34. cxb4 Rb7 35. Rh8+ 1-0

[Event "EU-ch Seniors 01st"]
[Site "Saint Vincent"]
[Date "2001.09.17"]
[Round "3"]
[White "Semasev, Kim"]
[Black "Tatai, Stefano"]
[Result "1/2-1/2"]
[WhiteElo "2300"]
[BlackElo "2350"]
[PlyCount "61"]
[EventDate "2001.09.15"]
[EventType "swiss"]
[EventRounds "9"]
[EventCountry "ITA"]
[SourceTitle "CBM 084 Extra"]
[Source "ChessBase"]
[SourceDate "2001.10.26"]
[SourceVersion "1"]
[SourceVersionDate "2001.10.26"]
[SourceQuality "1"]

1. e4 c5 2. Nf3 d6 3. d4 Nf6 4. Nc3 cxd4 5. Nxd4 a6 6. Be3 Ng4 7. Bg5 h6 8. Bh4 g5 9. Bg3 Bg7 10. Bc4 Qa5 11. Nde2 Nc6 12. Qd5 Be6 13. Qxa5 Nxa5 14. Bxe6 fxe6 15. 0-0-0 Rc8 16. h4 Nc4 17. hxg5 hxg5 18. Rxh8+ Bxh8 19. Nd4 Kf7 20. Nce2 Bf6 21. Rh1 Rh8 22. Rxh8 Bxh8 23. b3 Nce5 24. Kd2 Ng6 25. f3 Nh6 26. c4 Bxd4 27. Nxd4 Nf4 28. Bxf4 gxf4 29. Ne2 e5 30. Nc3 Ke6 31. b4 1/2-1/2

[Event "Wch Seniors 10th"]
[Site "Rowy"]
[Date "2000.09.22"]
[Round "10"]
[White "Semasev, Kim"]
[Black "Zhelesny, Stanislav"]
[Result "1-0"]
[WhiteElo "2307"]
[BlackElo "2236"]
[PlyCount "111"]
[EventDate "2000.09.11"]
[EventType "swiss"]
[EventRounds "11"]
[EventCountry "POL"]
[SourceTitle "CBM 078 Extra"]
[Source "ChessBase"]
[SourceDate "2000.11.10"]
[SourceVersion "1"]
[SourceVersionDate "2000.11.10"]
[SourceQuality "1"]

1. e4 d5 2. exd5 Qxd5 3. Nc3 Qd8 4. d4 Nf6 5. Bc4 e6 6. Nf3 Be7 7. 0-0 c6 8. Bg5 Nbd7 9. Qd2 0-0 10. Rfe1 b6 11. Rad1 Bb7 12. Ne5 b5 13. Nxd7 Nxd7 14. Bxe7 Qxe7 15. Bd3 Nf6 16. Ne4 Nxe4 17. Bxe4 a5 18. a3 b4 19. Re3 Rad8 20. axb4 axb4 21. Qe1 Rd7 22. Rb3 c5 23. Bxb7 Rxb7 24. dxc5 Qxc5 25. c3 g6 26. Rxb4 Rxb4 27. cxb4 Qc2 28. Qd2 Qb3 29. Re1 Rc8 30. h3 Rc4 31. Rc1 Qxb4 32. Qd8+ Kg7 33. Rxc4 Qxc4 34. Qd2 Kf6 35. b4 Ke5 36. g3 Qd4 37. Qg5+ f5 38. Qe7 Qd6 39. Qxh7 Qxb4 40. Qxg6 Qb1+ 41. Kh2 Qb6 42. Qg7+ Ke4 43. Kg2 Qc6 44. Qb2 e5 45. Qd2 f4 46. g4 f3+ 47. Kg3 Qb6 48. Qe1+ Kd5 49. Qd1+ Ke6 50. Qxf3 Qb4 51. Qf5+ Kd5 52. h4 Kd4 53. h5 Qc3+ 54. Qf3 Qc7 55. Qd1+ Ke4 56. Qd2 1-0

[Event "Wch Seniors 10th"]
[Site "Rowy"]
[Date "2000.09.15"]
[Round "5"]
[White "Ofstad, Per"]
[Black "Semasev, Kim"]
[Result "1/2-1/2"]
[WhiteElo "2181"]
[BlackElo "2307"]
[PlyCount "37"]
[EventDate "2000.09.11"]
[EventType "swiss"]
[EventRounds "11"]
[EventCountry "POL"]
[SourceTitle "CBM 078 Extra"]
[Source "ChessBase"]
[SourceDate "2000.11.10"]
[SourceVersion "1"]
[SourceVersionDate "2000.11.10"]
[SourceQuality "1"]

1. e4 c5 2. c3 Nf6 3. e5 Nd5 4. g3 d6 5. exd6 Qxd6 6. Bg2 Nc6 7. Nf3 e5 8. 0-0 Be7 9. d4 exd4 10. cxd4 0-0 11. dxc5 Qxc5 12. Ng5 Ndb4 13. Nc3 Bxg5 14. Ne4 Qc2 15. Bxg5 Qxb2 16. a3 Na6 17. Qd6 Qd4 18. Rac1 h6 19. Rxc6 1/2-1/2

[Event "Wch Seniors 09th"]
[Site "Gladenbach"]
[Date "1999.11.19"]
[Round "10"]
[White "Durao, Joaquim Manuel"]
[Black "Semasev, Kim"]
[Result "0-1"]
[WhiteElo "2116"]
[BlackElo "2290"]
[PlyCount "100"]
[EventDate "1999.11.07"]
[EventType "swiss"]
[EventRounds "11"]
[EventCountry "GER"]
[SourceTitle "EXT 2001"]
[Source "ChessBase"]
[SourceDate "2000.11.22"]
[SourceVersion "1"]
[SourceVersionDate "2000.11.22"]
[SourceQuality "1"]

1. b3 Nf6 2. Bb2 d5 3. e3 g6 4. c4 c6 5. f4 Bg7 6. Nf3 0-0 7. Be2 Bg4 8. 0-0 Nbd7 9. d3 Qb6 10. Bd4 c5 11. Bc3 Rad8 12. Qe1 Qe6 13. e4 Bxf3 14. Bxf3 d4 15. Bd2 Qa6 16. e5 Ne8 17. b4 b6 18. b5 Qc8 19. a4 Nc7 20. a5 Qb8 21. Na3 Kh8 22. Qh4 f6 23. Be4 Kg8 24. e6 f5 25. Bxf5 gxf5 26. exd7 Rxd7 27. Rae1 e6 28. Nc2 Qe8 29. Ra1 Qg6 30. Ne1 Bf6 31. Qf2 e5 32. fxe5 Bxe5 33. Nf3 Bf6 34. axb6 axb6 35. Ra7 Rg7 36. Rb7 f4 37. Ra1 Qxd3 38. Qf1 Qe4 39. Rxb6 d3 40. Rxf6 Rxf6 41. Bc3 Rff7 42. Nd2 Qe6 43. Re1 Qd7 44. Rb1 f3 45. Nxf3 Rg4 46. b6 Na6 47. b7 Rf8 48. Qe1 Re8 49. Qd2 Qf5 50. Rf1 Re2 0-1

[Event "Wch Seniors 09th"]
[Site "Gladenbach"]
[Date "1999.11.16"]
[Round "8"]
[White "Jugow, Alexander"]
[Black "Semasev, Kim"]
[Result "1-0"]
[WhiteElo "2262"]
[BlackElo "2290"]
[PlyCount "41"]
[EventDate "1999.11.07"]
[EventType "swiss"]
[EventRounds "11"]
[EventCountry "GER"]
[SourceTitle "EXT 2001"]
[Source "ChessBase"]
[SourceDate "2000.11.22"]
[SourceVersion "1"]
[SourceVersionDate "2000.11.22"]
[SourceQuality "1"]

1. d4 Nf6 2. c4 g6 3. Nc3 Bg7 4. e4 d6 5. Be2 0-0 6. Bg5 Nbd7 7. f4 h6 8. Bh4 c5 9. d5 Qa5 10. Qd2 Re8 11. Nf3 e6 12. dxe6 fxe6 13. 0-0 b5 14. Nxb5 Qxd2 15. Nxd2 Rb8 16. Rab1 Bf8 17. Nc7 Re7 18. e5 dxe5 19. fxe5 g5 20. exf6 Nxf6 21. Bg3 1-0

[Event "Wch Seniors 09th"]
[Site "Gladenbach"]
[Date "1999.11.14"]
[Round "6"]
[White "Uhlmann, Wolfgang"]
[Black "Semasev, Kim"]
[Result "1-0"]
[WhiteElo "2475"]
[BlackElo "2290"]
[PlyCount "125"]
[EventDate "1999.11.07"]
[EventType "swiss"]
[EventRounds "11"]
[EventCountry "GER"]
[SourceTitle "EXT 2001"]
[Source "ChessBase"]
[SourceDate "2000.11.22"]
[SourceVersion "1"]
[SourceVersionDate "2000.11.22"]
[SourceQuality "1"]

1. c4 e5 2. Nc3 Nc6 3. Nf3 Nf6 4. g3 Bb4 5. Bg2 0-0 6. 0-0 d6 7. d3 a6 8. Nd5 Nxd5 9. cxd5 Ne7 10. d4 exd4 11. Nxd4 Bc5 12. Nb3 Bb6 13. Bd2 Bd7 14. Bc3 c5 15. dxc6 Bxc6 16. Qd2 Bxg2 17. Kxg2 Nc6 18. Qf4 Qe7 19. Rad1 Rad8 20. Rd5 f6 21. e3 Rfe8 22. Rfd1 Bc7 23. Nd4 Nxd4 24. R1xd4 Qf7 25. Rd2 Rd7 26. a3 Qe6 27. R2d4 Qf7 28. Rd3 Qe6 29. Bb4 Red8 30. h4 Kf7 31. e4 Re8 32. f3 Red8 33. Qd2 Kg8 34. g4 Kf7 35. Bc3 h6 36. Kf1 Kg8 37. Qg2 Rf7 38. Bb4 Kh8 39. Qh2 Kg8 40. Bxd6 Bxd6 41. Rxd6 Rxd6 42. Qxd6 Qxd6 43. Rxd6 Rc7 44. Ke2 Kf7 45. h5 Ke7 46. Rb6 Rd7 47. Ke3 Kf7 48. a4 Ke7 49. f4 Kf7 50. e5 fxe5 51. fxe5 Rc7 52. Ke4 Rc4+ 53. Kf5 Rxa4 54. Rxb7+ Kf8 55. b4 a5 56. b5 Rb4 57. Ke6 g6 58. Kf6 Rf4+ 59. Kxg6 Rxg4+ 60. Kxh6 Re4 61. b6 Rxe5 62. Rb8+ Kf7 63. b7 1-0

[Event "EU-chT Seniors 01st"]
[Site "Dresden"]
[Date "1999.04.10"]
[Round "2.4"]
[White "Semasev, Kim"]
[Black "Kalmutzki, Manfred"]
[Result "1-0"]
[WhiteElo "2290"]
[BlackElo "1855"]
[PlyCount "61"]
[EventDate "1999.04.09"]
[EventType "team-swiss"]
[EventRounds "7"]
[EventCountry "GER"]
[SourceTitle "EXT 2005"]
[Source "ChessBase"]
[SourceDate "2004.11.15"]
[SourceVersion "1"]
[SourceVersionDate "2004.11.15"]
[SourceQuality "1"]

1. e4 c5 2. Nf3 e6 3. d4 cxd4 4. Nxd4 a6 5. Nc3 d6 6. Bd3 Nf6 7. 0-0 Be7 8. Kh1 0-0 9. f4 Qc7 10. Qe1 Nbd7 11. Qg3 b5 12. Nd5 Nxd5 13. exd5 Nf6 14. dxe6 fxe6 15. f5 exf5 16. Nxf5 Bxf5 17. Rxf5 Kh8 18. Be3 Ng8 19. Rh5 Nf6 20. Qg6 Kg8 21. Rxh7 Bd8 22. Bd4 Qf7 23. Qf5 g6 24. Rxf7 gxf5 25. Rxf8+ Kxf8 26. Rf1 Kf7 27. Bxf5 Be7 28. g4 Rg8 29. h3 Ke8 30. Bc8 a5 31. Bxf6 1-0

[Event "Wch Seniors 08th"]
[Site "Grieskirchen"]
[Date "1998.11.18"]
[Round "9"]
[White "Winiwarter, Felix"]
[Black "Semasev, Kim"]
[Result "1-0"]
[WhiteElo "2200"]
[BlackElo "2275"]
[PlyCount "67"]
[EventDate "1998.11.08"]
[EventType "swiss"]
[EventRounds "11"]
[EventCountry "AUT"]
[SourceTitle "CBM 067 Extra"]
[Source "ChessBase"]
[SourceDate "1999.01.01"]
[SourceVersion "1"]
[SourceVersionDate "1999.01.01"]
[SourceQuality "1"]

1. d4 g6 2. c4 Bg7 3. Nc3 Nf6 4. g3 0-0 5. Bg2 d6 6. Nf3 Nbd7 7. 0-0 c6 8. e4 e5 9. h3 Qb6 10. c5 dxc5 11. dxe5 Ne8 12. e6 fxe6 13. Ng5 Ne5 14. f4 c4+ 15. Kh2 Nd3 16. e5 Nc7 17. Qe2 Nd5 18. Be4 Nxc1 19. Raxc1 Qd8 20. Nxh7 Rf5 21. Bxf5 gxf5 22. Ng5 Qe7 23. Qh5 Bd7 24. Qg6 b5 25. g4 Qe8 26. Qh7+ Kf8 27. gxf5 exf5 28. Nxd5 cxd5 29. Rce1 Be6 30. Nxe6+ Qxe6 31. Rg1 Qh6 32. Qxf5+ Ke7 33. Rg6 Rf8 34. Qe6+ 1-0

[Event "Wch Seniors 08th"]
[Site "Grieskirchen"]
[Date "1998.11.10"]
[Round "3"]
[White "Cantwell, Richard"]
[Black "Semasev, Kim"]
[Result "0-1"]
[WhiteElo "2050"]
[BlackElo "2275"]
[PlyCount "42"]
[EventDate "1998.11.08"]
[EventType "swiss"]
[EventRounds "11"]
[EventCountry "AUT"]
[SourceTitle "CBM 067 Extra"]
[Source "ChessBase"]
[SourceDate "1999.01.01"]
[SourceVersion "1"]
[SourceVersionDate "1999.01.01"]
[SourceQuality "1"]

1. d4 Nf6 2. Nf3 g6 3. g3 Bg7 4. Bg2 0-0 5. 0-0 d6 6. c4 Nbd7 7. Nc3 c6 8. e4 e5 9. d5 cxd5 10. cxd5 Nc5 11. Re1 a5 12. b3 Bd7 13. Bf1 b5 14. Bxb5 Bxb5 15. Nxb5 Nfxe4 16. Bb2 Qb6 17. Qe2 Nxf2 18. Kxf2 Nd3+ 19. Kg2 Qxb5 20. Kh1 e4 21. Bxg7 exf3 0-1